World Geography K - Statistics

General Stats
  • This quiz has been taken 89 times
  • The average score is 20 of 25
Answer Stats
Questions Answer % Correct
1) Capital of Jamaica Kingston
100%
2) Capital of St Vincent &the Grenadines Kingstown
100%
10) Capital of Ukraine Kyiv
98%
5) Capital of Afghanistan Kabul
94%
7) Capital of Malaysia Kuala Lumpur
94%
19) Arabic country on the Persian gulf,bordered by Iraq and Saudi Arabia Kuwait
94%
20) Capital of the above country Kuwait City
94%
9) landlocked SE European country, its capital is Pristina Kosovo
93%
8) large pouched marsupials native to Australia kangaroo
91%
14) Nepals mountainous capital Kathmandu
90%
24) Astana, Almaty, Shymkent, Aktobe Kazakhstan
88%
16) Prized steak comes fromthis Japanese city Kobe
88%
15) Island nation in the south Pacific,its capital is Tarawa Kiribati
85%
17) Major city in central Honshu Kyoto
85%
23) Sea north of Russian Siberia extendinginto the Arctic ocean Kara
79%
18) Biggest city in Pakistan Karachi
78%
3) Southernmost city in Florida Key West
78%
22) Arid desert covering much of Botswana,Namibia and South Africa Kalahari
77%
11) Russian exclave on the Baltic seabounded by Poland and Lithuania Kaliningrad
69%
25) Highest peak in Hawaii, Mauna ____ Kea
69%
13) Chiefs, Arrowhead stadium, Royals,BBQ Kansas City
68%
6) Road pass between Afghanistan and Pakistan high in the mountains Khyber pass
65%
21) Large Indian metropolis near theborder with Bangladesh Kolkata
63%
4) Fishing port city in southwest Alaska Kodiak
43%
12) Southern Alaskan city, the "salmoncapital of the world" Ketchikan
28%
No matching quizzes found
Score Distribution
Percent of People with Each Score
Percentile by Number Answered
Your Score History
You have not taken this quiz